00861nam a22002537a 4500003000500000005001700005008004100022010001000063011001000073035001000083040000900093082001500102111012700117245004400244260006700288300003900355500001400394650002900408650002100437650004100458650003800499650002300537710004700560CHAP20220329135728.0971013s1982 r 10010 d a41181 a42153 a46280 cCHAP a631.7bE5200aEncuentro Nacional de Docentes e Investigadores en le Manejo de los Recursos Hidráulicos (n1d: 1982c: Veracruz, Ver.)10aMemoriasc/por Colegio de Postgraduados aChapingo, Méx. :bColegio de Postgraduados. CRECIDATH,c1982 a735 p. :bilus., cuadros, gráfs. aFotocopia14aHidráulicaxCongresos.14aInvestigación.14aIrrigaciónxEstudio y enseñanza.14aRecursos hidráulicosxMéxico.14aSistemas de riego.0 aColegio de Postgraduados. Chapingo, Méx.